| 000 | 00759nam a22001337a 4500 | ||
|---|---|---|---|
| 040 | _cRUA | ||
| 082 | _aGRS HEN 2017 B641 Or.1 | ||
| 100 | _aHENG BORA ហេង បូរ៉ា | ||
| 245 | _atechnical of small scale broiler chicken raising in tompor village tropaeng kor commune cheurng prey district kompongcham province បច្ចេកទេសនៃការចិញ្ចឺមមាន់សាច់ខ្នាតតូចនៅភូមិទម្ពរ ឃុំត្រពាំងគរ ស្រុកជើងពៃ ខេត្តកំពង់ចាម | ||
| 260 |
_aRUA _bphnom penh _c2017 |
||
| 300 |
_avii;23p _bill; _c29cm |
||
| 856 | _uhttps://drive.google.com/file/d/1eRCO1qn5evO_fi1BOeumoRWFp88ZMIhy/view?usp=sharing | ||
| 942 | _cGRS | ||
| 999 |
_c18082 _d18082 |
||